00482nam a2200193 a 4500001001300000003000900013005001700022008004100039020000900080082001900089100001400108245003400122260003100156300000900187500003500196505001000231650003300241700001400274nice12345678IN_TiNIC20260116012614.0050524s1981 boma grp 000 0 eng  ac7500a306.60954bSHA aShsh, A B aReligion and Society in India aBombaybSomaiya Pub.c1981 a227p aincludes index and biblioraphy2 aIndex aReligion and Sociology-India1 aShsh, A B